Principles of surveying: Volume 1 plane surveying (Record no. 86543)

MARC details
000 -LEADER
fixed length control field 00487cam a2200205 4500
001 - CONTROL NUMBER
control field D7645
008 - FIXED-LENGTH DATA ELEMENTS--GENERAL INFORMATION
fixed length control field 090401t1979 xxu||||| |||| 00| 0 eng d
035 ## - SYSTEM CONTROL NUMBER
System control number (Sirsi) u8670
041 ## - LANGUAGE CODE
Language code of text/sound track or separate title eng
050 ## - LIBRARY OF CONGRESS CALL NUMBER
Classification number 526.9
100 ## - MAIN ENTRY--PERSONAL NAME
Personal name Olliver, J. G.
245 ## - TITLE STATEMENT
Title Principles of surveying: Volume 1 plane surveying
250 ## - EDITION STATEMENT
Edition statement 4th
260 ## - PUBLICATION, DISTRIBUTION, ETC.
Place of publication, distribution, etc. London
Name of publisher, distributor, etc. Van Nostrand Co
Date of publication, distribution, etc. 1979
300 ## - PHYSICAL DESCRIPTION
Extent ix. 267p. 23cm
350 ## - PRICE (NR) (BK AM CF MU VM SE) [OBSOLETE]
Price 5
700 ## - ADDED ENTRY--PERSONAL NAME
Personal name Clendinning, J.
942 ## - ADDED ENTRY ELEMENTS (KOHA)
Suppress in OPAC 0
948 ## - LOCAL PROCESSING INFORMATION (OCLC); SERIES PART DESIGNATOR (RLIN)
c (OCLC) 04/03/1997
Holdings
Withdrawn status Lost status Source of classification or shelving scheme Damaged status Not for loan Home library Current library Shelving location Date acquired Cost, normal purchase price Total Checkouts Full call number Barcode Date last seen Copy number Cost, replacement price Price effective from Koha item type
    Dewey Decimal Classification     London London Basement 14/09/1999 5.00   SHELF 132 30016850 06/08/2019 1 5.00 06/08/2019 Book